000 00642nam a2200169 a 4500
001 000030654
005 20200930062431.0
008 110525s1964 dr abc 000 | spa d
040 _aDO-SdBNP
_bspa
_cBNPHU
082 _axxx
_bV768m
100 1 _aVincent Cepeda, Altagracia Victoria
_944146
245 1 0 _aManual de historia de América :
_bdesarrollado conforme al programa del Primer Teórico de la República Dominicana /
_cAltagracia Victoria Vincent Cepeda.
260 _aSanto Domingo :
_bEditora del Caribe,
_c1964.
300 _a240 p. :
_bil., mapas, retrs. ;
_c22 cm.
504 _aIncluye referencias bibliográficas.
049 _aBNPD
999 _c30146
_d30146